ENVIRONMENTAL CHEMISTRY (Record no. 24630)

MARC details
000 -LEADER
fixed length control field 00296nam a22001337a 4500
003 - CONTROL NUMBER IDENTIFIER
control field SGT
020 ## - INTERNATIONAL STANDARD BOOK NUMBER
International Standard Book Number 978-81-8487-593-5
082 ## - DEWEY DECIMAL CLASSIFICATION NUMBER
Classification number 628.50154
Item number SAL
100 ## - MAIN ENTRY--PERSONAL NAME
Personal name SALKER, A.V.
245 ## - TITLE STATEMENT
Title ENVIRONMENTAL CHEMISTRY
260 ## - PUBLICATION, DISTRIBUTION, ETC. (IMPRINT)
Place of publication, distribution, etc DELHI
Name of publisher, distributor, etc NAROSA PUB.
Year of Publication 2017
300 ## - PAGE DESCRIPTION
No. of Pages 312
942 ## - ADDED ENTRY ELEMENTS (KOHA)
Source of classification or shelving scheme Dewey Decimal Classification
Koha item type Books
942 ## - ADDED ENTRY ELEMENTS (KOHA)
-- 1
Holdings
Withdrawn status Lost status Source of classification or shelving scheme Damaged status Not for loan Collection code Home library Current library Shelving location Date acquired Vendor Name Cost, normal purchase price SGTU Bill Number Total Checkouts Full call number Accession No. (Barcode) Date last seen Date last borrowed Bill Date Koha item type
    Dewey Decimal Classification     SCIENCE SGT Science & Social Sciences Library SGT Science & Social Sciences Library Text Book 02/08/2023 ABC 510.00 SGTU 16907 1 628.50154 SAL PS6853 14/12/2024 09/12/2024   Books
    Dewey Decimal Classification     SCIENCE SGT Science & Social Sciences Library SGT Science & Social Sciences Library Text Book 02/08/2023 ABC 510.00 SGTU 16907   628.50154 SAL PS6854 02/08/2023     Books
    Dewey Decimal Classification     SCIENCE SGT Science & Social Sciences Library SGT Science & Social Sciences Library Text Book 02/08/2023 ABC 510.00 SGTU 16907   628.50154 SAL PS6852 02/08/2023     Books
    Dewey Decimal Classification     SCIENCE SGT Science & Social Sciences Library SGT Science & Social Sciences Library Text Book 02/08/2023 ABC 510.00 SGTU 16907   628.50154 SAL PS6851 02/08/2023     Books